00361cam a22001217a 4500008004000000082001500040100002100055245006800076260002700144300001000171650004100181650001700222180718b1900 xxu||||| |||| 00| 0 eng d aA6x42 M216 aMackinnon, James aThe history of Edward the Third (1327-1377)cby James Mackinnon aLondonbLongmansc1900 a625p. aEdward III, King of England, 1312-77 aUK - History